Thái độ đối với việc học tập môn tâm lý học của sinh viên trường Cao đẳng Sư phạm Nha Trang

Cơ sở lý luận của đề tài. Tổ chức nghiên cứu và phương pháp nghiên cứu. Kết quả nghiên cứu

שמור ב:
מידע ביבליוגרפי
מחבר ראשי: Cao, Thị Huyền (Tác giả)
מחברים אחרים: Lê Nhị Hà Th.S (Hướng dẫn)
פורמט: ספר
שפה:Vietnamese
יצא לאור: Đà Nẵng Đại học Sư phạm 2009
נושאים:
תגים: הוספת תג
אין תגיות, היה/י הראשונ/ה לתייג את הרשומה!
Thư viện lưu trữ: Mạng thư viện Đại học Đà Nẵng
LEADER 01458nam a2200349 4500
001 000012338
003 8632
005 20120217150203.0
008 120217s2009 viesd
041 |a vie 
072 |a Khóa luận tốt nghiệp 
082 |a 152.4088  |b CA-H 
100 |a Cao, Thị Huyền  |e Tác giả 
245 |a Thái độ đối với việc học tập môn tâm lý học của sinh viên trường Cao đẳng Sư phạm Nha Trang  |c Cao Thị Huyền 
260 |a Đà Nẵng  |b Đại học Sư phạm  |c 2009 
300 |a 74 tr.  |c 29 cm 
500 |a Khóa luận tốt nghiệp khoa Tâm lý - giáo dục. Ngành: Cử nhân tâm lý học 
520 |a Cơ sở lý luận của đề tài. Tổ chức nghiên cứu và phương pháp nghiên cứu. Kết quả nghiên cứu 
653 |a Thái độ học tập 
653 |a Tâm lý học 
653 |a Cao đẳng Sư phạm Nha Trang 
700 |a Lê Nhị Hà  |c Th.S  |e Hướng dẫn 
OWN |a LSP 
AVA |a UDN50  |b LSP  |d 152.4088 CA-H  |e available  |t Error 5001 Not defined in file expand_doc_bib_avail.  |f 1  |g 0  |h N  |i 0  |k 1 
999 |a From the UDN01 
AVA |a UDN50  |b LSP  |d 152.4088 CA-H  |e available  |t Error 5001 Not defined in file expand_doc_bib_avail.  |f 1  |g 0  |h N  |i 0  |k 1 
TYP |a Monograph 
TYP |a Printed language 
980 |a Mạng thư viện Đại học Đà Nẵng